00333nam a2200121Ia 4500003000400000005001700004008004100021020001800062040002000080100002100100245007600121260001400197OSt20240106164659.0170523s9999 xx 000 0 und d a9789350041345 cIIMT UNIVERSITY aGernaey- Michael 0aMicrosoft Programming Windows Services with Microsoft Visual Basic 2008 aDreamtech